Vindicación del ciudadano : un sujeto reflexivo en una sociedad compleja /

محفوظ في:
التفاصيل البيبلوغرافية
المؤلف الرئيسي: Thiebaut, Carlos (autor)
التنسيق: كتاب
اللغة:الإسبانية
منشور في: Barcelona, España : Paidós, 1998, c1998
سلاسل:(Paidós Bibioteca del Presente ; 7)
الموضوعات:
الوسوم: إضافة وسم
لا توجد وسوم, كن أول من يضع وسما على هذه التسجيلة!

MARC

LEADER 00000nam^a2200000^a^4500
001 000185899
005 20250521000000.0
009 20260310102208.953
020 |a 84-493-0517-9 
037 |a Acervo ITESO - Biblioteca 
041 |a ESP 
082 |a 320. 01  |b THI 
100 |a Thiebaut, Carlos  |e (autor) 
245 1 0 |a Vindicación del ciudadano :  |b un sujeto reflexivo en una sociedad compleja /  |c C. Thiebaut. 
264 4 |a Barcelona, España :  |b Paidós,  |c 1998, c1998 
300 |a 286 p. 
336 |a texto  |b txt  |2 rdacontenido 
337 |a sin mediación  |b n  |2 rdamedio 
338 |a volumen  |b nc  |2 rdasoporte 
440 1 |a (Paidós Bibioteca del Presente ;  |v 7) 
649 |a XX 
650 |a Ciudadanía 
650 |a Participación Política 
650 |a Participación Social 
650 |a Democratización 
650 |a Etica Social 
650 |a Política -  |x Teoría 
650 |a Filosofía Política 
910 |a Fondo General 
920 |a Impresos - Libros 
930 |a Colección General 
905 |a 101 
901 |a 0500127432  |b IT1  |c ACC  |u 20250521 
902 |a https://opac.biblio.iteso.mx/vufind/Record/000185899